000 00427nam a2200205Ia 4500
001 000658
003 YMCAF
005 20230512160029.0
008 100717s1971 ||||||||||||||||| ||und|d
024 _a658
035 _a641
040 _aYMCAF
_beng
_cIN-KoLT
041 _aeng
082 _aSPE-ISI
100 _aISI
245 0 _aSPECIFICATION FOR ENAPORATIVE AIR....
260 _c1971
300 _a2
942 _2ddc
_cBK
999 _c529
_d529